[Event "11sen.LSEM Sachsen/Anhalt"]
[Site "?"]
[Date "2003.06.15"]
[Round "1"]
[White "Modes Werner"]
[Black "Reinholz Siegfried"]
[Result "0-1"]
[WhiteElo "1715"]
[BlackElo "1941"]
[PlyCount "114"]
[EventDate "2003.??.??"]
[Source "www.chesslib.no"]
[SourceDate "2004.05.04"]

1. d4 f5 2. e4 fxe4 3. Nc3 Nf6 4. Bg5 c6 5. Bxf6 exf6 6. Nxe4 d5 7. Ng3 Bd6 8. Bd3 Qe7+ 9. Qe2 Nd7 10. O-O-O Qxe2 11. N1xe2 Nb6 12. Nf5 Bf8 13. Rhe1 g6 14. Nh4 Kf7 15. h3 Bd6 16. Nf3 Bd7 17. Neg1 a5 18. Ne2 Be6 19. a3 Na4 20. Kb1 b5 21. b3 Nb6 22. Ka2 Rhc8 23. Rc1 Ra7 24. Kb2 Rb7 25. Ka2 Rcb8 26. Rb1 Re7 27. Nc1 Nd7 28. Kb2 c5 29. Bf1 c4 30. Na2 Nb6 31. Nc3 Bxa3+ 32. Kxa3 b4+ 33. Kb2 bxc3+ 34. Kxc3 cxb3 35. cxb3 Rc7+ 36. Kd2 Nc8 37. Rec1 Rxc1 38. Kxc1 Nd6 39. Bd3 Rb4 40. Kc2 Ne4 41. Rf1 g5 42. Ra1 Nxf2 43. Nxg5+ fxg5 44. Rf1 Rxd4 45. Rxf2+ Kg7 46. Kc3 Rb4 47. Rb2 d4+ 48. Kc2 Bd5 49. Bf1 Be4+ 50. Kc1 a4 51. bxa4 Rxa4 52. Kd2 Kf6 53. g4 Ke5 54. Bd3 Bxd3 55. Kxd3 Ra3+ 56. Kc4 Rc3+ 57. Kb4 Rxh3 0-1

[Event "France (championnat Benjamine)"]
[Site "?"]
[Date "2004.??.??"]
[Round "2.2"]
[White "Guyon Cindy"]
[Black "Llorens Jenna"]
[Result "1/2-1/2"]
[WhiteElo "1970"]
[BlackElo "1650"]
[PlyCount "94"]
[EventDate "2004.??.??"]
[Source "www.chesslib.no"]
[SourceDate "2004.05.04"]

1. d4 f5 2. e4 fxe4 3. Nc3 Nf6 4. Bg5 c6 5. Bxf6 exf6 6. Nxe4 d5 7. Nc3 Bb4 8. Qe2+ Qe7 9. Qxe7+ Kxe7 10. Nge2 Bf5 11. O-O-O Re8 12. f3 Nd7 13. g4 Bg6 14. h4 h6 15. f4 h5 16. g5 Kf8 17. Bh3 Nb6 18. f5 Bf7 19. g6 Bg8 20. a3 Bd6 21. Rdf1 Re7 22. Nf4 Bxf4+ 23. Rxf4 Nc4 24. Bg2 Rae8 25. Bf3 Re1+ 26. Rxe1 Rxe1+ 27. Bd1 Rh1 28. a4 Ne3 29. Kd2 Ng2 30. Rf2 Nxh4 31. Bxh5 Nxf5 32. Rxf5 Be6 33. Bg4 Bxf5 34. Bxf5 Ke7 35. Ne2 Rh5 36. Bd3 f5 37. Ng3 Rh2+ 38. Ke3 Kf6 39. Nxf5 Kxg6 40. Nd6+ Kh5 41. Nxb7 g5 42. Kf3 g4+ 43. Kg3 Rh3+ 44. Kg2 Kh4 45. Nd6 Rg3+ 46. Kh1 Rh3+ 47. Kg2 Rg3+ 1/2-1/2

[Event "Essen"]
[Site "?"]
[Date "2004.07.02"]
[Round "5.3"]
[White "Nowak Michael"]
[Black "Jopek Eugen"]
[Result "1-0"]
[WhiteElo "1748"]
[BlackElo "1864"]
[PlyCount "80"]
[EventDate "2004.??.??"]
[Source "www.chesslib.no"]
[SourceDate "2004.05.04"]

1. d4 f5 2. e4 fxe4 3. Nc3 Nf6 4. Bg5 c6 5. Bxf6 exf6 6. Nxe4 Qb6 7. Rb1 Qa5+ 8. c3 Qxa2 9. Bd3 Qe6 10. Ne2 d5 11. N4g3 Qf7 12. Qc2 g6 13. O-O Bd6 14. c4 Be6 15. b3 Nd7 16. Qd2 O-O 17. Nf4 Bxf4 18. Qxf4 dxc4 19. bxc4 Nb6 20. Ne4 Nc8 21. Nc5 b6 22. Nxe6 Qxe6 23. d5 cxd5 24. cxd5 Qd6 25. Qa4 Ne7 26. Rfe1 Nxd5 27. Bc4 Kg7 28. Bxd5 Qxd5 29. Rbd1 Qf5 30. g4 Qg5 31. Re7+ Kh6 32. Rdd7 Rh8 33. Rc7 b5 34. Qd4 Rad8 35. Red7 Ra8 36. Rc5 Qh4 37. Qe3+ g5 38. Qd4 Raf8 39. Rc6 Rhg8 40. Rxf6+ Rg6 1-0

[Event "Dutch Thematic Final"]
[Site "?"]
[Date "1999.??.??"]
[Round "?"]
[White "Giancotti Eraldo"]
[Black "Atienza Hilario"]
[Result "0-1"]
[WhiteElo "1845"]
[BlackElo "1705"]
[PlyCount "44"]
[EventDate "1999.??.??"]
[Source "www.chesslib.no"]
[SourceDate "2004.05.04"]

1. d4 f5 2. e4 fxe4 3. Nc3 Nf6 4. Bg5 c6 5. f3 exf3 6. Nxf3 d6 7. Bd3 Qb6 8. Na4 Qa5+ 9. Nc3 Bg4 10. Bxf6 gxf6 11. h3 Bh5 12. Qe2 Nd7 13. O-O-O O-O-O 14. Qe6 Kb8 15. Kb1 Nb6 16. g4 Bg6 17. Nh4 Bxd3 18. Rxd3 d5 19. Nf5 Nc4 20. Rh2 h5 21. gxh5 Rxh5 22. Rg2 Qc7 0-1

[Event "29.Gold-Cup Meran op"]
[Site "?"]
[Date "2001.??.??"]
[Round "1"]
[White "Kumeth Hartmut"]
[Black "Jacob Konrad"]
[Result "0-1"]
[WhiteElo "1665"]
[BlackElo "1728"]
[PlyCount "52"]
[EventDate "2001.??.??"]
[Source "www.chesslib.no"]
[SourceDate "2004.05.04"]

1. d4 f5 2. e4 fxe4 3. Nc3 Nf6 4. Bg5 c6 5. f3 e3 6. Bxe3 e6 7. Bd3 Be7 8. Nge2 b6 9. Qd2 Ba6 10. O-O-O Bxd3 11. Qxd3 Nd5 12. Nxd5 cxd5 13. f4 Nc6 14. a3 Na5 15. Bd2 Nc4 16. Bb4 O-O 17. g3 Bxb4 18. axb4 Qe7 19. c3 a5 20. bxa5 Rxa5 21. Kc2 Ra2 22. Rb1 Qa3 23. Kd1 Nxb2+ 24. Rxb2 Qxb2 25. Nc1 Ra1 26. Qe3 Rfa8 0-1

[Event "Brasschaat BEL, Open 2005"]
[Site "?"]
[Date "2005.08.21"]
[Round "2.26"]
[White "Lefebre Willy"]
[Black "Plompen Wim"]
[Result "0-1"]
[WhiteElo "1798"]
[BlackElo "1477"]
[PlyCount "44"]
[EventDate "2005.??.??"]
[Source "www.chesslib.no"]
[SourceDate "2004.05.04"]

1. d4 f5 2. e4 fxe4 3. Nc3 Nf6 4. Bg5 c6 5. Bxf6 exf6 6. Qe2 d5 7. f3 Bb4 8. a3 Bxc3+ 9. bxc3 O-O 10. g3 Re8 11. f4 e3 12. Bg2 Qa5 13. Qd3 Bf5 14. Bxd5+ Qxd5 15. Qe2 Qxh1 16. O-O-O Qd5 17. c4 Qa5 18. Kb2 Qa4 19. Nf3 Nd7 20. d5 Nb6 21. Rd4 c5 22. Nh4 Bxc2 0-1